Welcome to the Holygrace Academy Library

Please use search bar below to get started

MALAYALAM-HINDI=ENGLISH-NIGHANDU (Record no. 1752)

MARC details
000 -LEADER
fixed length control field 00311nam a22001337a 4500
020 ## - INTERNATIONAL STANDARD BOOK NUMBER
ISBN 978-81-264-2211-1
082 ## - DEWEY DECIMAL CLASSIFICATION NUMBER
Classification number 030
Item number NEL/M
100 ## - MAIN ENTRY--AUTHOR NAME
Personal name NAIR, NEELAKANDAN
245 ## - TITLE STATEMENT
Title MALAYALAM-HINDI=ENGLISH-NIGHANDU
260 ## - PUBLICATION, DISTRIBUTION, ETC. (IMPRINT)
Place of publication KOTTAYAM
Name of publisher DC BOOKS
Year of publication 2011
300 ## - PHYSICAL DESCRIPTION
Number of Pages 855
650 ## - SUBJECT ADDED ENTRY--TOPICAL TERM
Topical Term DICTIONARY
Geographic subdivision INDIA
942 ## - ADDED ENTRY ELEMENTS (KOHA)
Koha item type Books
Holdings
Withdrawn status Lost status Collection code Home library Current library Shelving location Date acquired Source of acquisition Cost, normal purchase price Full call number Accession Number Koha item type
    Reference Main Library Main Library SHELF 1-A DICTIONARIES 04/09/2012 purchase 250.00 030 NEL/M 06118 Books